Disposición de basuras mediante el Relleno Sanitario

محفوظ في:
التفاصيل البيبلوغرافية
المؤلف الرئيسي: Herzog Glessich, Mario
التنسيق: غير معروف
منشور في: [San José, Costa Rica] 1972
الموضوعات:
الوسوم: إضافة وسم
لا توجد وسوم, كن أول من يضع وسما على هذه التسجيلة!

MARC

LEADER 00000 a2200000 4500
003 011393
005 20221231143818.0
008 140114s1972 cr a m 000 ||s d
040 |c cru CEDI 
090 |a TFG 468 
100 |a Herzog Glessich, Mario  |9 18007 
245 |a Disposición de basuras mediante el Relleno Sanitario 
260 |c 1972  |a [San José, Costa Rica] 
300 |a  56 hojas, gráficos, 7 fotografías montadas (color) ; 28 cm  
500 |a  Tesis (Ingeniero Civil) Universidad de Costa Rica.  
501 |a  Ed. mimeografiada  
651 |x BASURAS Y APROVECHAMIENTO DE BASURAS - DEPOSITOS  |9 18008 
942 |c TFG 
999 |c 12352  |d 12352